Drugs

This book offers a comprehensive survey of all types of drugs and their use.

保存先:
書誌詳細
第一著者: Richard G Schlaadt
フォーマット: 図書
言語:Undetermined
出版事項: Englewood Cliffs, New Jersey Prentice-Hall 19
主題:
タグ: タグ追加
タグなし, このレコードへの初めてのタグを付けませんか!
Thư viện lưu trữ: Trung tâm Học liệu Trường Đại học Cần Thơ
LEADER 00681nam a2200193Ia 4500
001 CTU_40891
008 210402s9999 xx 000 0 und d
082 |a 362.29 
082 |b S338 
100 |a Richard G Schlaadt 
245 0 |a Drugs 
245 0 |c Richard G Schlaadt, Peter T Shannon 
260 |a Englewood Cliffs, New Jersey 
260 |b Prentice-Hall 
260 |c 19 
520 |a This book offers a comprehensive survey of all types of drugs and their use. 
650 |a drug utilization - united states,pharmacology,psychotropic drugs,substance abuse - epidemiology - united states 
904 |i Minh, 010418 
980 |a Trung tâm Học liệu Trường Đại học Cần Thơ